| 000 -LEADER |
| fixed length control field |
00900nam a2200253 a 4500 |
| 001 - CONTROL NUMBER |
| control field |
18775 |
| 003 - CONTROL NUMBER IDENTIFIER |
| control field |
BD-DhUAP |
| 005 - DATE AND TIME OF LATEST TRANSACTION |
| control field |
20210130132401.0 |
| 008 - FIXED-LENGTH DATA ELEMENTS--GENERAL INFORMATION |
| fixed length control field |
200225s2013 enkabe b 001 0 eng d |
| 020 ## - INTERNATIONAL STANDARD BOOK NUMBER |
| International Standard Book Number |
9780500342862 (hbk.) |
| 040 ## - CATALOGING SOURCE |
| Original cataloging agency |
BD-DhAAL |
| Transcribing agency |
BD-DhAAL |
| Language of cataloging |
Eng |
| Modifying agency |
BD-DhUAP |
| 082 00 - DEWEY DECIMAL CLASSIFICATION NUMBER |
| Edition number |
23 |
| Classification number |
720.92 LON |
| 100 1# - MAIN ENTRY--PERSONAL NAME |
| Personal name |
London, Geoffrey. |
| 9 (RLIN) |
6587 |
| 245 00 - TITLE STATEMENT |
| Title |
Kerry Hill : |
| Remainder of title |
crafting modernism / |
| Statement of responsibility, etc. |
Essays by Geoffrey London, Paul Finch and Erwin Viray ; edited by Oskar Riera Ojeda. |
| 260 ## - PUBLICATION, DISTRIBUTION, ETC. |
| Place of publication, distribution, etc. |
London : |
| Name of publisher, distributor, etc. |
Thames & Hudson Ltd., |
| Date of publication, distribution, etc. |
c2013. |
| 300 ## - PHYSICAL DESCRIPTION |
| Extent |
438 pages : |
| Other physical details |
illustrations ; |
| Dimensions |
31 cm. |
| 504 ## - BIBLIOGRAPHY, ETC. NOTE |
| Bibliography, etc. note |
Includes bibliographical references (p. 434-435). |
| 600 10 - SUBJECT ADDED ENTRY--PERSONAL NAME |
| Personal name |
Hill, Kerry. |
| General subdivision |
Criticism and interpretation. |
| 9 (RLIN) |
6588 |
| 650 #0 - SUBJECT ADDED ENTRY--TOPICAL TERM |
| Topical term or geographic name entry element |
Architects |
| Geographic subdivision |
Australia |
| Form subdivision |
Biography. |
| 9 (RLIN) |
6589 |
| 700 1# - ADDED ENTRY--PERSONAL NAME |
| Personal name |
Finch, Paul. |
| 9 (RLIN) |
6594 |
| 700 1# - ADDED ENTRY--PERSONAL NAME |
| Personal name |
Viray, Paul. |
| 9 (RLIN) |
6595 |
| 700 1# - ADDED ENTRY--PERSONAL NAME |
| Personal name |
Ojeda, Oskar Riera. |
| 942 ## - ADDED ENTRY ELEMENTS (KOHA) |
| Source of classification or shelving scheme |
|
| Koha item type |
Book |
| Koha issues (borrowed), all copies |
1 |